LIBRARY & INFORMATION CENTRE, KCAET, TAVANUR

ONLINE PUBLIC ACCESS CATALOGUE (OPAC)

Fundamentals of agronomy / (Record no. 386)

MARC details
000 -LEADER
fixed length control field 00587cam a2200229ua 4500
020 ## - INTERNATIONAL STANDARD BOOK NUMBER
ISBN 81-204-0416-5
041 ## - LANGUAGE CODE
Language code of text/sound track or separate title eng
082 ## - DEWEY DECIMAL CLASSIFICATION NUMBER
Classification number 630.21
Item number DEG/FU
100 ## - MAIN ENTRY--AUTHOR NAME
Personal name De, Gopal Chandra .
245 00 - TITLE STATEMENT
Title Fundamentals of agronomy /
260 ## - PUBLICATION, DISTRIBUTION, ETC. (IMPRINT)
Place of publication New Delhi :
Name of publisher Oxford & IBH Publishing company ,
Year of publication 2002.
300 ## - PHYSICAL DESCRIPTION
Number of Pages 429 ; .
500 ## - GENERAL NOTE
General note 20883-Scheme
942 ## - ADDED ENTRY ELEMENTS (KOHA)
Koha item type Books
Holdings
Withdrawn status Lost status Damaged status Home library Current library Date acquired Full call number Accession Number Koha item type
Withdrawn     KAUAET KAUAET 07/04/2012 630.21 17006 Books
      KAUAET KAUAET 07/04/2012 630.21 20883 Books
      KAUAET KAUAET 07/04/2012 630.21 20939 Books
      KAUAET KAUAET 07/04/2012 630.21 20940 Books
      KAUAET KAUAET 07/04/2012 630.21 20941 Books
free website counter